| 000 | 00740nam a2200277Ia 4500 | ||
|---|---|---|---|
| 001 | 4942 | ||
| 005 | 20240113233809.0 | ||
| 007 | ta | ||
| 008 | 050616s2001 a g b000 u hin u | ||
| 020 | _cHB | ||
| 040 | _aCotton College Assam | ||
| 041 | _ahin | ||
| 082 |
_a891.43308 _bLa 15 Ad |
||
| 100 | _aLal, Lakshmi Narayan . | ||
| 245 | 0 |
_aAdhunik Hindi Kahani / _cLakshmi Narayan Lal. _hTextual Documents |
|
| 250 | _a2nd ed. / | ||
| 260 |
_aNew Delhi : _bBani Prakashan , _c2001. |
||
| 300 |
_a104p. : _bill. ; _c18cm . |
||
| 653 | _aHindi short stories-Collections | ||
| 653 | _aShort Stories-Hindi | ||
| 653 | _aGen-Hindi | ||
| 942 |
_2ddc _cBK |
||
| 999 |
_c4929 _d4929 |
||